00379nam a2200145Ia 4500008004100000020001400041084001400055100002000069245004500089250002000134260002200154260000900176260001300185500003500198180424s9999 xx 000 0 und d a675210003 a510.78 I3 a"Inualsbe, Lon" 0aBusiness Applications Software for Ibmpc a\\198800ENGGPSX aCharles E Merrill b1988 cColumbus aincludes index and biblioraphy